000 00323nmm a2200145 a 4500
003 AR-BaBNM
005 20251128203117.0
008 013119s[s.f ||||||||||||||000 | spa||
040 _cAR-BaBNM
100 1 _aGillovin, René
245 1 0 _aKant
260 _a[S.l.]
_bL. Michud
_c[s.f.]
942 _cBK
998 _cArchipretre
999 _c1942
_d1942